| 000 | 00694nam a22002057a 4500 | ||
|---|---|---|---|
| 003 | 0 | ||
| 005 | 20241114162357.0 | ||
| 008 | 241114b xxu||||| |||| 00| 0 eng d | ||
| 020 | _a978-0-367-61920-6 | ||
| 050 |
_aLB 1576 _b.W66 2024 |
||
| 100 | _aWood, Christiane | ||
| 245 |
_aInnovation, literacy, & arts integration in multicultural classrooms _btheory & practice for designers of K-8 learning environments. _cChristiane Wood |
||
| 260 |
_aNew York _bRoutledge _c2024 |
||
| 300 |
_axii, 312 pages ; _c26cm. |
||
| 504 | _aIncludes index. | ||
| 650 | _aLanguage arts (Elementary). | ||
| 650 | _aLanguage arts (Middle school) | ||
| 650 | _aMulticultural education. | ||
| 942 |
_2lcc _cBK |
||
| 999 |
_c366727 _d366727 |
||